Bodies of Water on a Map (A-Z) Quiz Stats

Quiz Updated Sep 12, 2015

Challenge
Share
Tweet
Score 0/24 Timer 05:00
14 Plays Today
% Correct
Mexico
94.8%
Japan
92.8%
Red
90.4%
Erie
90.3%
Caribbean
89.9%
Superior
88.8%
Victoria
87.8%
Oman
87.8%
Persian
87.1%
Hudson
86%
North
85.3%
Dead
84.2%
% Correct
Finland
84.1%
Adriatic
78.8%
Irish
78.3%
Tasman
74.7%
Yellow
71%
Guinea
59.4%
Zurich
53.9%
Labrador
52.7%
Baffin
51.2%
Weddell
18.3%
Kara
15.7%
Ungava
7.3%

You're not logged in!

Compare scores with friends on all Sporcle quizzes.
Sign Up with Email
OR
Log In

You Might Also Like...

Show Comments

Extras

Top Quizzes Today


Score Distribution

Your Account Isn't Verified!

In order to create a playlist on Sporcle, you need to verify the email address you used during registration. Go to your Sporcle Settings to finish the process.